Statistics for Not Quite A Movie Title - Scarlett Johansson Edition

Click here to take the quiz!

General Stats

  • This quiz has been taken 26 times
  • The average score is 15 of 26

Answer Stats

Fake NameReal Name% Correct
Home Stallone 3Home Alone 3
92%
White WidowBlack Widow
88%
HimHer
88%
I-Run Man 2Iron Man 2
84%
The RevengersThe Avengers
84%
El Capitan Mexico: The Wintry SoldierCaptain America: The Winter Soldier
80%
The Bungle BookThe Jungle Book
76%
Missed in TranslationLost in Translation
72%
SouthNorth
68%
The Morse WhispererThe Horse Whisperer
68%
Latch PointMatch Point
64%
Below the SkinUnder the Skin
64%
We Brought A ZooWe Bought A Zoo
64%
Bail, Caesar!Hail, Caesar!
60%
He's Just Not So That Into YouHe's Just Not That Into You
56%
Ghoul in the SoulGhost in the Shell
52%
Bluff NightRough Night
52%
The PrestigeousThe Prestige
52%
Ghoul WorldGhost World
48%
Island of DogsIsle of Dogs
40%
BlingSing
32%
HitchedHitchcock
24%
PoopScoop
20%
The HighlandThe Island
20%
The SpiritedThe Spirit
20%
An Canadian RhapsodyAn American Rhapsody
16%

Score Distribution

Percentile by Number Answered

Percent of People with Each Score

Your Score History

You have not taken this quiz